000 00482nam a2200145 a 4500
001 000027905
005 20200930031206.0
008 110405s1938 dr r 000 0 spa d
040 _aDO-SdBNP
_bspa
_cBNPHU
041 1 7 _aeng
082 _axxxx
_bxxxx
245 0 0 _aReport of the trirty-first fiscal period :
_bDominican customs receivership under the American-Dominican conventions of 1924.
260 _aWashington :
_bGovernment Printing Office,
_c1938.
300 _a129 p. ;
_c23 cm.
999 _c27397
_d27397